MDQL
is popping MORE tags! Check the
thread
!
Quizzes
Events
Quiz Creation
Community
Videos
Private Events
Remove Ads
Sign In
Join for FREE
Feedback
Dark Mode
Quiz Categories
Sports
Geography
Music
Movies
Television
Just For Fun
Miscellaneous
History
Literature
Language
Science
Gaming
Entertainment
Religion
Holiday
For Kids
Quiz Lab
Recent
Popular Today
Quiz Kudos Today
Editor Picks
Curator Picks
Quizzes by...
Day
Popularity
Type
Ratings
Length
Year
Community
Subscriptions
Recent Discussions
Orange Saloon
Badges
Playlists
Quests
Create
Leaderboards
Showdown
Live 5
Trivia Bingo
Activity
Puzzle Library
Sporcle Events
Private Events
Virtual Trivia
Globe League
Become a Host
Pub Owners
SporcleCon
Opinionation
Our Games
Videos
Blog
Mobile Apps
Partnerships
Remove Ads and Go Orange
Feedback
Religion
Mythology
Religious Music
World Religions
Bible
Christianity
Catholicism
Judaism
Church
Scripture
Islam
Verse
Religion
Mythology
Religious Music
World Religions
Bible
Christianity
Catholicism
Judaism
Church
Scripture
Islam
Verse
Random Quiz
Search Sporcle
×
Quiz Lab
Quiz Lab
Religion
Mythology
Type in answers that appear in a list
Type in answers that appear in a list
Classic
Best Score? Go Orange.
Greek Heroes, Monsters, Etc Stats
Can you name the Greek figures?
By
Zeus1001
19m
20 Questions
83 Plays
83 Plays
83 Plays
Comments
Comments
Give Quiz Kudos
Give Quiz Kudos
-
- Ratings
hide this ad
Replay
Link that replays current quiz
Next Quiz
Link to next quiz in quiz playlist
You Got
0%
They Got
Avg Score
25%
Avg Friend Score
Upgrade to see
Score Distribution
Jump to the score distribution portion of the page
Score
0/20
Timer
19:00
0
Plays Today
Are you an expert?
% Correct
Goddess of dawn
Eos
61.4%
Nymph who holds Odysseus captive for 7 years
Calypso
55.4%
The dragon who guards the gloden apples
Ladon
50.6%
The nymphs, daughters of Atlas, that help guard the golden apples
Hesperides
48.2%
The son of Odysseus
Telemachus
42.2%
Made a wife out of ivory
Pygmalion
39.8%
The bronze giant who guarded Crete
Talos
36.1%
The African tribe of midgets
Pygmies
25.3%
Father of the gigantes
Tartarus
24.1%
Goddess of good health
Hygeia
16.9%
Are you an expert?
% Correct
The goddess of peace (also the Homeric Greek word for peace)
Irene
14.5%
Sea Demons with the heads of dogs
Telchines
12%
Goddess of snow and ice
Kione
12%
Handsome cup bearer to the gods
Ganymedes
12%
Pretty princess of Phaecia who helped Odysseus
Nausicaa
12%
The Muse of astronomy
Ourania
10.8%
Two headed dog, related to cerberus
Orthros
9.6%
Borrowed Achilles' armor
Patrocolus
8.4%
Youngest Member of Odysseus' crew
Elpenor
8.4%
Name for the primeval gods
Protogenoi
8.4%
Quiz Playlist
Details
Report
Send in Message
Add To Playlist
Classic:
Type in answers that appear in a list
Last Updated: Feb 16, 2017
Quiz Scoreboard
CHALLENGE
Sign Up to Join the Scoreboard
Show All
Scores
Hide
Comments
May contain spoilers
Recently Published
Image Sorting: Flags VI
by Barbecue
Geography
2m
Find the 'City' Movie
by crazypaving
Movies
60s
5x2 Blitz: Bands
by SL_Kpop136
Music
30s
More to Explore
Quiz From the Vault
Featured Blog Post
14 Easter Pick-up Lines to Find Eggs With
hide this ad
You Might Also Like...
Tags
Mythology Quiz
Expert
Greek
Monster
Today's Top Quizzes in Religion
Browse Religion
hide this ad
Today's Top Quizzes in Mythology
Browse Mythology
Top Contributed Quizzes in Religion
1
Christmas Pick: Judaism
2
Christmas Pick: Islam
3
Christmas Pick: World Religions
4
Religions Spelling Bee
5
Artistic Maundy Thursday
6
After Easter on Stained-glass Windows
7
99 names of Allah
8
5-to-1: Children of Gods
9
Longevity in the Bible
10
Are they in the Bible?
Explore More
Trending Topics
Disney
Marvel
Kpop
NBA
Harry Potter
Anime
Crossword
Pokémon
NFL
WWE
Puzzle
The Office
Country
Song
Soccer
hide this ad
More By:
Zeus1001
Quiz
Plays
Rating
Category
Featured
Created
The Odyssey
286
3.00
Religion
Feb 7, 2011
Greek Heroes, Monsters, Etc
83
Religion
Feb 3, 2011
Codex Alera
64
Literature
Feb 4, 2011
Modern Literature Authors By BookSeries
63
Literature
Feb 14, 2011
Go to Creator's Profile
Score Distribution
Quiz Creator Spotlight
Zeus1001
Follow
Send a Message
Quizzes Created
-
Created Quiz Play Count
-
More By This Creator
Popular Quizzes Today
1
Colored Red Africa Blitz
2
Find the US States - No Outlines Minefield
3
Find the 'City' Movie
4
5x2 Blitz: Bands
5
The Countries of the World
6
Find the US States
7
Find the Countries of Europe - No Outlines Minefield
8
US States
More Religion Quizzes
Odd One Out: Deities
Published
Trending Quizzes
Colored Red Europe Blitz I
Colored Red Europe Blitz II
Colored Red Africa Blitz II
Colored Red Europe Blitz III
Colored Red Africa Blitz III
Recently Updated
How Do You Spell That?
pecheneg
Godzilla Movies
pecheneg
Grab Bag: 4-10 Letters
pecheneg
2024 March Madness Bracket
pecheneg
Famous TV Couples
Peacemaker
Champions League XIs: Real Madrid
pecheneg
Largest US Cities 1790-2010
pecheneg
Rides in Walt Disney World
pecheneg
Most Oscar Losses (Acting)
pecheneg
Beyoncé Albums
pecheneg
Trending Topics
Crossword
NBA
Harry Potter
Disney
Anime
Kpop
Marvel
WWE
Country
Soccer
Puzzle
Pokémon
Song
The Office
NFL
Your Account Isn't Verified!
In order to create a playlist on Sporcle, you need to verify the email address you used during registration. Go to your
Sporcle Settings
to finish the process.
Report this User
Report this user for behavior that violates our
Community Guidelines
.
Details:
Send Report
Go to the Sporcle.com Mobile Site →
Comments